LEADER 00927nam0 22002531i 450 001 RML0293601 005 20231121125737.0 100 $a20121121d1970 ||||0itac50 ba 101 | $aita 102 $ait 181 1$6z01$ai $bxxxe 182 1$6z01$an 200 1 $a˜L'œabate Gimma e la Nova encyclopaedia$ecabbalismo, bullismo, magia e nuova scienza in un testo della fine del seicento$fCesare Vasoli 210 $aMonduria $cLacaita $d©1970 215 $a787-846 p.$d25 cm 700 1$aVasoli$b, Cesare$3RMLV160588$0143468 801 3$aIT$bIT-01$c20121121 850 $aIT-FR0017 899 $aBiblioteca umanistica Giorgio Aprea$bFR0017 912 $aRML0293601 950 0$aBiblioteca umanistica Giorgio Aprea$d 52MAG OPU 576$e 52MAG0000211435 VMN RS $fA $h20171026$i20171026 977 $a 52 996 $aAbate Gimma e la Nova encyclopaedia$93628473 997 $aUNICAS LEADER 01118nam0 22003253i 450 001 VEA0019818 005 20231121125918.0 010 $a0071004726 100 $a20200131d1987 ||||0itac50 ba 101 | $aeng 102 $aus 181 1$6z01$ai $bxxxe 182 1$6z01$an 200 1 $aComputer graphics$ea programming approach$fSteven Harrington 205 $a2. ed 210 $aNew York \etc.!$aMcGraw-Hill Book Company$dc1987 215 $aXIV, 466 p.$cill.$d22 cm 225 | $aMcGraw-Hill Computer science series 410 0$1001SBL0651695$12001 $aMcGraw-Hill Computer science series 606 $aGrafica per computer$2FIR$3RMLC404916$9I 676 $a006.6$9$v21 700 1$aHarrington$b, Steven$3VEAV011775$4070$06512 801 3$aIT$bIT-01$c20200131 850 $aIT-FR0099 899 $aBiblioteca Area Ingegneristica$bFR0099 912 $aVEA0019818 950 0$aBiblioteca Area Ingegneristica$d 54S. L. 006.6 HAR$e 54EXF0000000655 VMB RS $fA $h20061115$i20200131 977 $a 54 996 $aComputer graphics$9115961 997 $aUNICAS